000
00424nam a2200181Ia 4500
008
100917s9999 xx 000 0 und d
082
_b
7927
100
_a
निसळ शांता
245
_a
राखण
260
_b
---
_c
1966
300
_a
238
365
_b
6
520
_a
कादंबरी
630
_a
राखण
650
_a
कादंबरी
730
_a
राखण
942
_c
BOOK
999
_c
613321
_d
613318